[Event "DMP Ekstraliga 2020"]
[Site "Krakow"]
[Date "2020.09.02"]
[Round "8.23"]
[White "Zwardon, Vojtech"]
[Black "Sabuk, Piotr"]
[Result "1-0"]
[WhiteElo "2481"]
[BlackElo "2377"]
[Annotator "TA"]
[PlyCount "99"]
[EventDate "2020.08.26"]
[EventType "team-tourn"]
[EventCountry "POL"]
[SourceTitle "playchess.com"]
[Source "ChessBase"]
[SourceQuality "1"]
[WhiteTeam "Dwie Wieze Krakow"]
[BlackTeam "Hetman Plock"]

{[%evp 18,99,32,37,37,37,102,104,104,97,109,102,95,90,87,65,84,86,89,75,71,72,81,78,60,79,118,123,121,114,133,126,127,88,154,150,129,123,168,139,160,145,145,141,319,322,387,376,359,362,488,495,482,464,454,460,516,518,546,534,531,520,564,562,521,506,663,632,691,682,807,769,812,734,1439,1406,1662,1572,2638,2109,2958,2516,2054,1934]} 1. e4 e6 2. d4 d5 3. Nc3 dxe4 4. Nxe4 Bd7 5. Nf3 Bc6 6. Bd3 Nd7 7. O-O Ngf6 8. Re1 Nxe4 9. Bxe4 Bxe4 10. Rxe4 Nf6 {C10: French with 3 Nc3: Unusual Black 3rd moves and 3...dxe4.} 11. Bg5 h6 (11... Be7 $14 12. Bxf6 gxf6) 12. Bxf6 $1 $16 Qxf6 {[#] White is better.} 13. c4 $146 ({Predecessor:} 13. c3 Bd6 14. Qa4+ Kf8 15. Ne5 Bxe5 16. Rxe5 Kg8 17. Qb5 b6 18. Qc6 Qd8 19. d5 {0-1 (52) Haftmann,R (1811)-Modric,V (1901) Hofheim 2017}) 13... Be7 14. Qb3 O-O 15. Qxb7 c5 16. Qb3 cxd4 17. Rxd4 ({Of course not} 17. Nxd4 Bc5 $15) 17... Qf5 18. Qd3 Qa5 {[#]} 19. Qd2 $1 {[%cal Rd2a5]} Qa6 20. b3 Bf6 {Hoping for ...Rfd8.} 21. Rd6 Qxd6 22. Qxd6 Bxa1 23. Qa6 Rfd8 {( -> ...Rd1+)} 24. g3 e5 25. Qb7 Rac8 ({Black should try} 25... a5) 26. Qe4 a5 27. Kg2 (27. Nxe5 $6 Re8 $11) 27... Bc3 28. h4 ({Don't play} 28. Nxe5 $6 Re8 $14) 28... Re8 29. h5 Rcd8 30. Nh4 Rd4 $2 {Now Black is done in.} (30... Re6 $16) 31. Qf3 $18 Ba1 32. Nf5 e4 {[#]} 33. Qg4 $1 {[%csl Gf5][%cal Rg4g7][%mdl 512]} Rd2 34. Nxh6+ $1 {White is clearly winning.} Kf8 {[#]} 35. Qf4 $1 {[%csl Gh6][%cal Rf4f7]} Rd7 36. Nf5 Be5 {[#]} 37. h6 $3 {[%mdl 512]} Kg8 38. Qxe4 g6 39. Ne3 Rdd8 40. Nd5 Kh7 41. Qh4 Rd6 42. a3 {[%cal Ba2a3,Ba3b4][%mdl 32]} Ree6 43. b4 Bb2 44. Qf4 f5 45. Nc7 Be5 46. Qg5 axb4 47. axb4 Bc3 48. c5 Rc6 49. Nxe6 Rxe6 50. Qc1 {Accuracy: White = 97%, Black = 47%.} 1-0

[Event "DMP Ekstraliga 2020"]
[Site "Krakow"]
[Date "2020.09.02"]
[Round "8.24"]
[White "Bulmaga, Irina"]
[Black "Leks, Maria"]
[Result "1-0"]
[WhiteElo "2434"]
[BlackElo "2080"]
[Annotator "ChessBase"]
[PlyCount "109"]
[EventDate "2020.08.26"]
[EventType "team-tourn"]
[EventCountry "POL"]
[SourceTitle "playchess.com"]
[Source "ChessBase"]
[SourceQuality "1"]
[WhiteTeam "Hetman Plock"]
[BlackTeam "Dwie Wieze Krakow"]
[TimeControl "30/5400+30:1800+30"]

1. e4 {[%emt 0:00:00]} e5 {[%emt 0:00:00]} 2. Nf3 {[%emt 0:00:00]} Nc6 {[%emt 0:00:00]} 3. Bc4 {[%emt 0:00:00]} Nf6 {[%emt 0:00:00]} 4. Ng5 {[%emt 0:00:12]} d5 {[%emt 0:00:03]} 5. exd5 {[%emt 0:00:07]} Na5 {[%emt 0:00:04]} 6. Bb5+ {[%emt 0:00:07]} c6 {[%emt 0:00:08]} 7. dxc6 {[%emt 0:00:07]} bxc6 {[%emt 0:00:04]} 8. Bd3 {[%emt 0:00:11]} Be7 {[%emt 0:14:58]} 9. O-O {[%emt 0:05:03]} h6 {[%emt 0:01:25]} 10. Ne4 {[%emt 0:00:45]} Nd5 {[%emt 0:01:14]} 11. Ng3 {[%emt 0:00:19]} O-O {[%emt 0:02:36]} 12. Re1 {[%emt 0:01:43]} f5 {[%emt 0:15:22]} 13. Be2 {[%emt 0:20:26]} Bc5 {[%emt 0:13:22]} 14. c3 {[%emt 0:09:19]} Qh4 {[%emt 0:13:02]} 15. d4 {[%emt 0:18:14]} Bb6 {[%emt 0:24:17]} 16. c4 {[%emt 0:03:50]} Bxd4 {[%emt 0:00:03]} 17. cxd5 {[%emt 0:00:36]} f4 {[%emt 0:04:53]} 18. Nh1 {[%emt 0:00:23]} cxd5 {[%emt 0:00:03]} 19. Bf3 {[%emt 0:03:06]} Be6 {[%emt 0:01:26]} 20. Nc3 {[%emt 0:01:32]} Rad8 {[%emt 0:02:05]} 21. Nb5 {[%emt 0:01:57]} Nc6 {[%emt 0:00:59]} 22. Nxd4 {[%emt 0:00:33]} Nxd4 {[%emt 0:00:17]} 23. Rxe5 {[%emt 0:00:55]} Nxf3+ {[%emt 0:00:15]} 24. Qxf3 {[%emt 0:00:47]} Bg4 {[%emt 0:00:03]} 25. Qd3 {[%emt 0:01:36]} f3 {[%emt 0:02:00]} 26. Ng3 {[%emt 0:01:04]} Qf6 {[%emt 0:01:57]} 27. Qd4 {[%emt 0:06:04]} fxg2 {[%emt 0:01:22]} 28. Be3 {[%emt 0:00:30]} Bf3 {[%emt 0:00:07]} 29. Rf5 {[%emt 0:04:29]} Qg6 {[%emt 0:00:32]} 30. Rxf3 {[%emt 0:02:22]} Rxf3 {[%emt 0:00:06]} 31. Kxg2 {[%emt 0:30:05]} Rf7 {[%emt 0:30:35]} 32. Rd1 {[%emt 0:01:08]} Rfd7 {[%emt 0:00:48]} 33. b4 {[%emt 0:01:46]} Qa6 {[%emt 0:00:19]} 34. Rd2 {[%emt 0:00:35]} Qc4 {[%emt 0:01:08]} 35. Nh5 {[%emt 0:04:55]} Qc6 {[%emt 0:00:33]} 36. Ng3 {[%emt 0:00:53]} Qa6 {[%emt 0:01:04]} 37. h3 {[%emt 0:01:01]} Qe6 {[%emt 0:00:42]} 38. a4 {[%emt 0:00:16]} Rc8 {[%emt 0:00:18]} 39. Qg4 {[%emt 0:01:51]} Qxg4 {[%emt 0:00:30]} 40. hxg4 {[%emt 0:00:00]} Rc4 {[%emt 0:00:00]} 41. Rd4 {[%emt 0:00:00]} Kf7 {[%emt 0:00:00]} 42. b5 {[%emt 0:00:00]} Ke6 {[%emt 0:00:00]} 43. Ne2 {[%emt 0:00:00]} g5 {[%emt 0:00:00]} 44. f4 {[%emt 0:00:00]} Rc2 {[%emt 0:00:00]} 45. Kf3 {[%emt 0:00:00]} Rf7 {[%emt 0:00:00]} 46. Rb4 {[%emt 0:00:00]} Kd6 {[%emt 0:00:00]} 47. Nd4 {[%emt 0:00:00]} Rc3 {[%emt 0:00:00]} 48. Nf5+ {[%emt 0:00:00]} Kc7 {[%emt 0:00:05]} 49. Rd4 {[%emt 0:00:00]} h5 {[%emt 0:04:22]} 50. fxg5 {[%emt 0:00:00]} hxg4+ {[%emt 0:01:19]} 51. Kxg4 {[%emt 0:00:00]} Rc4 {[%emt 0:00:16]} 52. g6 {[%emt 0:00:00]} Rf8 {[%emt 0:00:03]} 53. g7 {[%emt 0:00:00]} Re8 {[%emt 0:00:20]} 54. Rxc4+ {[%emt 0:00:00]} dxc4 {[%emt 0:00:04]} 55. Bd4 {[%emt 0:00:00]} 1-0

[Event "DMP Ekstraliga 2020"]
[Site "Krakow"]
[Date "2020.09.02"]
[Round "8.25"]
[White "Kempinski, Robert"]
[Black "Moranda, Wojciech"]
[Result "1/2-1/2"]
[WhiteElo "2568"]
[BlackElo "2605"]
[Annotator "TA"]
[PlyCount "29"]
[EventDate "2020.08.26"]
[EventType "team-tourn"]
[EventCountry "POL"]
[SourceTitle "playchess.com"]
[Source "ChessBase"]
[SourceQuality "1"]
[WhiteTeam "Miedz Legnica"]
[BlackTeam "Wieza Pegow"]

{[%evp 19,29,22,34,28,25,0,0,0,0,0,26,23]} 1. c4 Nf6 2. Nc3 e6 3. e4 d5 4. e5 d4 5. exf6 dxc3 6. bxc3 Qxf6 7. d4 e5 8. Nf3 exd4 9. Bg5 Qe6+ 10. Be2 Be7 11. Bxe7 {[#] Black must now prevent Ba3. A18: English Opening: Flohr-Mikenas System (1 c4 Nf6 2 Nc3 e6 3 e4).} d3 12. Qxd3 {[%csl Ge7][%cal Rd3d8]} Qxe7 13. O-O O-O 14. Rfe1 Qf6 {[#]} 15. Qd4 $146 {A rather calm draw.} ({Predecessor:} 15. Nd4 Nd7 16. Qg3 c6 17. Bd3 Nc5 18. Bc2 Bd7 19. Re5 b6 20. Rae1 g6 21. h4 {½-½ (37) Ye,R (2472)-Yu,S (2516) Beijing 2005}) 1/2-1/2

[Event "DMP Ekstraliga 2020"]
[Site "Krakow"]
[Date "2020.09.02"]
[Round "8.26"]
[White "Dziuba, Marcin"]
[Black "Heberla, Bartlomiej"]
[Result "1/2-1/2"]
[WhiteElo "2590"]
[BlackElo "2566"]
[Annotator "TA"]
[PlyCount "66"]
[EventDate "2020.08.26"]
[EventType "team-tourn"]
[EventCountry "POL"]
[SourceTitle "playchess.com"]
[Source "ChessBase"]
[SourceQuality "1"]
[WhiteTeam "Wieza Pegow"]
[BlackTeam "Miedz Legnica"]

{[%evp 9,66,23,30,14,27,7,5,8,11,1,9,0,21,12,13,-7,9,1,6,0,0,0,0,-1,0,0,0,-11,0,-7,0,0,7,0,0,-8,-10,-9,0,0,0,-4,-4,-12,-12,-16,-6,-7,-7,-32,0,0,0,0,0,0,0,0,0]} 1. d4 d5 2. c4 e6 3. Nc3 a6 4. cxd5 exd5 5. Bf4 c6 6. Qc2 {D31: Queen's Gambit Declined: Semi-Slav without ...Nf6 (+ Marshall Gambit and Noteboom) and Exchange Variation lines without ...Nf6.} Bd6 7. Nxd5 Bxf4 8. Nxf4 {With the idea e3.} Qxd4 {[#]} 9. e3 $146 ({Predecessor:} 9. Nd3 Nf6 10. Nf3 Qd5 11. e3 Bf5 12. Nd4 Bg6 13. Qc5 Qxc5 14. Nxc5 Ra7 15. b4 {0-1 (58) Gershon,A (2510)-Zifroni,D (2506) Israel 2007}) 9... Qb4+ 10. Qd2 Qxd2+ 11. Kxd2 Nf6 12. Bd3 Nbd7 {[%cal Bb8d7,Bd7c5,Bc5d3][%mdl 32]} 13. Nf3 Nc5 14. Rhc1 Nxd3 15. Nxd3 Bf5 16. Nd4 Bxd3 17. Kxd3 O-O-O 18. b4 Rd5 19. Rc5 Rhd8 20. Rac1 Kc7 21. a4 Rxc5 22. bxc5 $11 {[%mdl 4096] Endgame KRN-KRN} Rd5 23. e4 Rh5 24. h3 Nd7 25. Nb3 $1 f5 26. exf5 Rxf5 27. f3 Rd5+ 28. Ke3 Re5+ 29. Kd3 a5 30. f4 {The position is equal.} Rd5+ 31. Ke3 b6 32. cxb6+ Nxb6 33. Nc5 Kd6 {An uneventful encounter. Accuracy: White = 95%, Black = 95%.} 1/2-1/2

[Event "DMP Ekstraliga 2020"]
[Site "Krakow"]
[Date "2020.09.02"]
[Round "8.27"]
[White "Olszewski, Michal"]
[Black "Hnydiuk, Aleksander"]
[Result "1/2-1/2"]
[WhiteElo "2547"]
[BlackElo "2411"]
[Annotator "TA"]
[PlyCount "80"]
[EventDate "2020.08.26"]
[EventType "team-tourn"]
[EventCountry "POL"]
[SourceTitle "playchess.com"]
[Source "ChessBase"]
[SourceQuality "1"]
[WhiteTeam "Miedz Legnica"]
[BlackTeam "Wieza Pegow"]

{[%evp 9,80,16,24,14,15,16,29,26,29,28,15,20,25,15,18,8,22,28,34,5,9,9,10,7,5,14,10,11,4,0,0,0,4,7,37,33,83,76,87,77,83,85,88,15,38,6,7,0,0,0,0,0,0,0,0,0,0,0,0,0,42,31,28,38,34,33,31,0,12,0,34,35,38]} 1. e4 c5 2. Nf3 e6 3. g3 Nc6 4. Bg2 d5 5. exd5 exd5 6. O-O {B40: Sicilian: 2...e6, Unusual lines.} Nf6 7. d4 cxd4 8. Re1+ {White has an edge.} Be7 9. Nxd4 O-O 10. Nc3 Bg4 11. Qd3 Re8 12. Bg5 Qd7 {[#]} 13. Nb3 $146 ({Predecessor:} 13. a3 h6 14. Rxe7 Qxe7 15. Be3 Ne5 16. Qb5 a6 17. Qb3 Nc4 18. Re1 Nxe3 19. Rxe3 Qc5 20. Rxe8+ Rxe8 21. Nf3 d4 22. Na4 Qf5 23. h3 Bxf3 24. Qxf3 Qxc2 {0-1 (24) Bulgarini Torre,M (1926)-Sanchez Alarcon,J (2248) Quilpue 2018}) 13... Rad8 14. Bxf6 (14. Qb5 {keeps more tension.} Qc8 15. Bxf6 Bxf6 16. Bxd5 Be6 17. Rab1) 14... Bxf6 15. Qxd5 Qxd5 16. Bxd5 Rxe1+ 17. Rxe1 Nb4 18. Bxb7 Nxc2 19. Rc1 Nb4 20. Be4 Be6 21. Bb1 Kf8 22. Nc5 ({But not} 22. Bxh7 $2 {[#]} Nxa2 $1 {[%mdl 512]} 23. Nxa2 Bxb3 $19) 22... Rd2 23. N3e4 Rxb2 24. Nxf6 gxf6 25. a3 {[%cal Ba2a3,Ba3a4,Ba4a5,Ba5a6][%mdl 32]} Nd5 26. Bd3 (26. Bxh7 $16 f5 27. Bg6) 26... Ke7 27. a4 f5 28. a5 Ra2 29. a6 Nb4 30. Bf1 Rc2 31. Rb1 Rxc5 32. Rxb4 $11 {[%mdl 4096] Endgame KRB-KRB} Rc1 {[#] White must now prevent ...f4!} 33. f3 Kd6 34. Kf2 Bc8 35. Rh4 Ke5 36. Rxh7 Rc2+ 37. Kg1 Rc1 {And now ...Bxa6 would win.} 38. Kf2 Rc2+ 39. Kg1 Rc1 {aiming for ...Bxa6.} 40. Kg2 Rc2+ {Accuracy: White = 88%, Black = 90%.} 1/2-1/2

[Event "DMP Ekstraliga 2020"]
[Site "Krakow"]
[Date "2020.09.02"]
[Round "8.28"]
[White "Zilka, Stepan"]
[Black "Simacek, Pavel"]
[Result "1-0"]
[WhiteElo "2564"]
[BlackElo "2474"]
[Annotator "TA"]
[PlyCount "69"]
[EventDate "2020.08.26"]
[EventType "team-tourn"]
[EventCountry "POL"]
[SourceTitle "playchess.com"]
[Source "ChessBase"]
[SourceQuality "1"]
[WhiteTeam "Wieza Pegow"]
[BlackTeam "Miedz Legnica"]
[BlackTeamCountry "CZE"]

{[%evp 28,69,66,59,74,68,78,67,86,58,84,45,74,49,66,56,64,55,138,155,192,175,113,113,247,258,247,215,215,229,228,227,220,218,226,223,217,210,892,928,903,908,865,870]} 1. d4 Nf6 2. c4 e6 3. Nf3 c5 4. d5 exd5 5. cxd5 g6 6. Nc3 d6 7. e4 Bg7 8. Nd2 O-O 9. Be2 Re8 10. O-O Na6 11. f3 Nc7 12. a4 b6 13. Nc4 Ba6 14. Bg5 h6 {14...Qd7 is vanishing.} 15. Be3 Qd7 {A79: Modern Benoni: Classical: 9...Re8 10 Nd2 Na6 11 f3.} 16. Qd2 Kh7 17. b3 Rab8 {[#] White is slightly better.} 18. Ra2 $146 ({Predecessor:} 18. Kh1 Rb7 19. Rab1 Bxc4 20. bxc4 Na6 21. Rbe1 Nb4 22. Bd1 a6 23. Bg1 Qe7 24. f4 {½-½ (51) Kelecevic,N (2380)-Valenti,G (2240) Mendrisio 1988}) 18... Red8 19. g4 Qe8 20. Bd3 Qh8 21. Rc1 $36 {[%mdl 2048] White fights for an advantage.} Nd7 22. Kg2 ({Weaker is} 22. Nxd6 Ne5 $17) 22... Ne5 (22... Bxc4 $14 23. Bxc4 Bxc3 24. Qxc3 (24. Rxc3 Qg7 $14) 24... Qxc3 25. Rxc3 Ne5) 23. Nxe5 $16 Bxe5 {[#]} 24. Nb5 $1 {[%cal Rb5c7]} Bxb5 25. axb5 Rb7 {Black cannot hold the game after this.} (25... Qe8 $16) 26. Bxh6 $18 Qe8 27. Bg5 f6 28. Be3 Nxb5 29. Bxb5 Qxb5 30. f4 Bd4 31. Bxd4 cxd4 32. Qxd4 Qxb3 $2 {[#]} (32... Rf7 33. b4 Qd7) 33. Rb2 {White is clearly winning.} Qa3 34. Rbc2 Rf8 35. Ra1 {Accuracy: White = 81%, Black = 49%.} 1-0

[Event "DMP Ekstraliga 2020"]
[Site "Krakow"]
[Date "2020.09.02"]
[Round "8.29"]
[White "Bobras, Piotr"]
[Black "Plat, Vojtech"]
[Result "*"]
[WhiteElo "2487"]
[BlackElo "2566"]
[Annotator "TA"]
[PlyCount "28"]
[EventDate "2020.08.26"]
[EventType "team-tourn"]
[EventCountry "POL"]
[SourceTitle "playchess.com"]
[Source "ChessBase"]
[SourceQuality "1"]
[WhiteTeam "Miedz Legnica"]
[BlackTeam "Wieza Pegow"]

{[%evp 15,28,23,40,18,27,40,29,32,43,39,60,45,81,71,68]} 1. e4 d6 2. d4 Nf6 3. Nc3 e5 4. dxe5 dxe5 5. Qxd8+ Kxd8 6. Bc4 Ke8 7. Nf3 Bd6 8. Bg5 Nbd7 {8...Nbd7 has become a bit dusty these days.} 9. O-O-O {B07: Pirc Defence: Miscellaneous Systems.} a6 10. a4 h6 11. Bh4 g5 {[#] aiming for ...Nb6.} 12. Bg3 Kf8 13. Nd2 {[#]} Nc5 $146 ({Predecessor:} 13... Kg7 14. f3 Bb4 15. Nd5 Nxd5 16. Bxd5 Re8 17. h4 f6 18. hxg5 hxg5 19. c3 Be7 {½-½ (44) Vallejo Pons,F (2697)-Vachier Lagrave,M (2723) Sestao 2010}) 14. f3 Bd7 {White took control after the opening.} *

[Event "DMP Ekstraliga 2020"]
[Site "Krakow"]
[Date "2020.09.02"]
[Round "8.30"]
[White "Majdan, Joanna"]
[Black "Kiolbasa, Oliwia"]
[Result "1/2-1/2"]
[WhiteElo "2325"]
[BlackElo "2160"]
[Annotator "ChessBase"]
[PlyCount "84"]
[EventDate "2020.08.26"]
[EventType "team-tourn"]
[EventCountry "POL"]
[SourceTitle "playchess.com"]
[Source "ChessBase"]
[SourceQuality "1"]
[WhiteTeam "Wieza Pegow"]
[BlackTeam "Miedz Legnica"]
[TimeControl "30/5400+30:1800+30"]

1. e4 {[%emt 0:00:00]} e5 {[%emt 0:00:00]} 2. Nf3 {[%emt 0:00:00]} Nc6 {[%emt 0:00:00]} 3. Bb5 {[%emt 0:00:00]} a6 {[%emt 0:00:00]} 4. Ba4 {[%emt 0:00:00]} Nf6 {[%emt 0:00:04]} 5. d3 {[%emt 0:00:00]} b5 {[%emt 0:00:27]} 6. Bb3 {[%emt 0:00:01]} Be7 {[%emt 0:03:35]} 7. O-O {[%emt 0:00:33]} d6 {[%emt 0:00:12]} 8. a3 {[%emt 0:01:22]} O-O {[%emt 0:01:22]} 9. Re1 {[%emt 0:00:13]} Na5 {[%emt 0:13:18]} 10. Ba2 {[%emt 0:01:21]} c5 {[%emt 0:00:57]} 11. c3 {[%emt 0:04:46]} Nc6 {[%emt 0:01:18]} 12. Nbd2 {[%emt 0:03:02]} Be6 {[%emt 0:01:17]} 13. Bxe6 {[%emt 0:02:11]} fxe6 {[%emt 0:00:04]} 14. Nf1 {[%emt 0:00:27]} Qc7 {[%emt 0:03:43]} 15. Ng3 {[%emt 0:10:08]} Rae8 {[%emt 0:04:12]} 16. a4 {[%emt 0:09:14]} Bd8 {[%emt 0:03:24]} 17. axb5 {[%emt 0:01:44]} axb5 {[%emt 0:00:17]} 18. Qb3 {[%emt 0:01:39]} Qb8 {[%emt 0:02:46]} 19. Ng5 {[%emt 0:03:34]} d5 {[%emt 0:06:54]} 20. Be3 {[%emt 0:04:26]} c4 {[%emt 0:05:51]} 21. dxc4 {[%emt 0:01:30]} dxc4 {[%emt 0:00:48]} 22. Qd1 {[%emt 0:00:11]} Bb6 {[%emt 0:01:49]} 23. h3 {[%emt 0:13:43]} h6 {[%emt 0:12:04]} 24. Nf3 {[%emt 0:00:03]} Rd8 {[%emt 0:00:09]} 25. Qe2 {[%emt 0:05:29]} Rd3 {[%emt 0:05:18]} 26. Bxb6 {[%emt 0:02:28]} Qxb6 {[%emt 0:00:59]} 27. Red1 {[%emt 0:01:48]} Rfd8 {[%emt 0:00:55]} 28. Rxd3 {[%emt 0:00:56]} Rxd3 {[%emt 0:04:30]} 29. Nf1 {[%emt 0:00:43]} Qc5 {[%emt 0:04:15]} 30. Ra8+ {[%emt 0:03:35]} Rd8 {[%emt 0:03:35]} 31. Ra6 {[%emt 0:32:43]} Nd7 {[%emt 0:34:40]} 32. g4 {[%emt 0:00:20]} Qd6 {[%emt 0:04:54]} 33. Qe3 {[%emt 0:05:12]} Nc5 {[%emt 0:01:09]} 34. Rb6 {[%emt 0:00:30]} Rb8 {[%emt 0:01:45]} 35. Rxb8+ {[%emt 0:00:04]} Nxb8 {[%emt 0:00:07]} 36. g5 {[%emt 0:00:31]} hxg5 {[%emt 0:04:03]} 37. Qxg5 {[%emt 0:00:36]} Nxe4 {[%emt 0:01:43]} 38. Qg6 {[%emt 0:00:02]} Nf6 {[%emt 0:01:21]} 39. Ng5 {[%emt 0:02:04]} Qe7 40. Ne3 Qe8 41. Qxe8+ Nxe8 42. Nxe6 Kf7 1/2-1/2

[Event "DMP Ekstraliga 2020"]
[Site "Krakow"]
[Date "2020.09.03"]
[Round "9.1"]
[White "Moranda, Wojciech"]
[Black "Kryvoruchko, Yuriy"]
[Result "1/2-1/2"]
[WhiteElo "2605"]
[BlackElo "2682"]
[Annotator "TA"]
[PlyCount "41"]
[EventDate "2020.08.26"]
[EventType "team-tourn"]
[EventCountry "POL"]
[SourceTitle "playchess.com"]
[Source "ChessBase"]
[SourceQuality "1"]
[WhiteTeam "Wieza Pegow"]
[BlackTeam "Stilon Gorzow"]

{[%evp 13,41,0,0,0,0,0,7,0,0,0,33,0,-11,0,0,0,0,0,0,0,0,0,0,0,0,0,0,-35,11,27]} 1. d4 Nf6 2. c4 e6 3. Nc3 Bb4 4. Qc2 O-O 5. e4 d5 6. e5 Ne4 7. Bd3 c5 $1 {[%cal Rc5d4]} 8. Nf3 $1 {8.Nf3 scores better than 8.Nge2. E32: Nimzo-Indian: Classical (4 Qc2): 4...0-0.} cxd4 9. Nxd4 Nd7 10. Bf4 Qh4 11. g3 Qh5 12. h4 Nxe5 13. Be2 $1 {[%cal Re2h5]} Ng4 14. Bxg4 $1 Qxg4 15. f3 {[%mdl 64] [#] Double Attack} Qh5 $1 {aiming for ...e5.} 16. g4 (16. fxe4 e5 $17) 16... Qg6 {Hoping for ...Nxc3.} 17. fxe4 e5 $1 {[%cal Re5d4]} 18. O-O-O Bxc3 $1 19. Nf5 $1 {[%cal Rf5e7] Black must now prevent Ne7+.} Bxf5 (19... Qxg4 {[#]} 20. Nh6+ $1 {[%mdl 512]} gxh6 21. Rhg1 $14) 20. gxf5 {[#]} Qb6 $146 ({Predecessor:} 20... Qg4 21. Be3 Bd4 22. Bxd4 exd4 23. exd5 Rac8 24. Kb1 b5 25. c5 Rfd8 26. Rhg1 Qxh4 {1-0 (33) Howell,D (2687)-Adair,J (2492) Hull 2018}) 21. Qxc3 {An uneventful encounter. Accuracy: White = 91%, Black = 91%.} 1/2-1/2

[Event "DMP Ekstraliga 2020"]
[Site "Krakow"]
[Date "2020.09.03"]
[Round "9.2"]
[White "Bluebaum, Matthias"]
[Black "Dziuba, Marcin"]
[Result "1/2-1/2"]
[WhiteElo "2647"]
[BlackElo "2590"]
[Annotator "ChessBase"]
[PlyCount "94"]
[EventDate "2020.08.26"]
[EventType "team-tourn"]
[EventCountry "POL"]
[SourceTitle "playchess.com"]
[Source "ChessBase"]
[SourceQuality "1"]
[WhiteTeam "Stilon Gorzow"]
[BlackTeam "Wieza Pegow"]
[TimeControl "30/5400+30:1800+30"]

1. d4 {[%emt 0:00:00]} d5 {[%emt 0:00:00]} 2. c4 {[%emt 0:00:02]} c6 {[%emt 0:00:00]} 3. Nc3 {[%emt 0:01:20]} Nf6 {[%emt 0:00:00]} 4. e3 {[%emt 0:00:17]} e6 {[%emt 0:00:13]} 5. Nf3 {[%emt 0:01:12]} Nbd7 {[%emt 0:00:05]} 6. Bd3 {[%emt 0:01:23]} dxc4 {[%emt 0:01:16]} 7. Bxc4 {[%emt 0:00:05]} b5 {[%emt 0:00:21]} 8. Bb3 {[%emt 0:00:43]} b4 {[%emt 0:05:28]} 9. Ne2 {[%emt 0:00:47]} Ba6 {[%emt 0:05:39]} 10. O-O {[%emt 0:05:26]} Be7 {[%emt 0:29:17]} 11. Re1 {[%emt 0:04:32]} c5 {[%emt 0:00:10]} 12. Ng3 {[%emt 0:07:25]} cxd4 {[%emt 0:06:31]} 13. Nxd4 {[%emt 0:05:37]} Qb6 {[%emt 0:06:35]} 14. Bc2 {[%emt 0:18:42]} O-O {[%emt 0:03:30]} 15. b3 {[%emt 0:01:42]} Rfd8 {[%emt 0:06:45]} 16. Bb2 {[%emt 0:01:02]} g6 {[%emt 0:02:30]} 17. Bd3 {[%emt 0:07:08]} Bxd3 {[%emt 0:03:12]} 18. Qxd3 {[%emt 0:00:15]} e5 {[%emt 0:00:29]} 19. Nf3 {[%emt 0:10:00]} e4 {[%emt 0:02:27]} 20. Nxe4 {[%emt 0:00:04]} Nc5 {[%emt 0:00:12]} 21. Nxc5 {[%emt 0:00:41]} Rxd3 {[%emt 0:00:37]} 22. Nxd3 {[%emt 0:00:02]} Ne4 {[%emt 0:03:47]} 23. Rac1 {[%emt 0:02:04]} a5 {[%emt 0:10:09]} 24. Rc4 {[%emt 0:01:56]} Nd6 {[%emt 0:00:16]} 25. Rc2 {[%emt 0:01:50]} Rc8 {[%emt 0:00:42]} 26. Rxc8+ {[%emt 0:01:03]} Nxc8 {[%emt 0:00:01]} 27. Rc1 {[%emt 0:00:06]} Nd6 {[%emt 0:01:32]} 28. Nf4 {[%emt 0:04:35]} Qb7 {[%emt 0:03:41]} 29. Rd1 {[%emt 0:03:16]} Bf8 {[%emt 0:00:09]} 30. h4 {[%emt 0:04:19]} Ne4 {[%emt 0:02:22]} 31. Ng5 {[%emt 0:32:43]} Nc3 {[%emt 0:31:31]} 32. Rd8 {[%emt 0:00:04]} Qe7 {[%emt 0:00:46]} 33. Rd3 {[%emt 0:02:43]} Bg7 {[%emt 0:01:39]} 34. Nd5 {[%emt 0:03:42]} Qc5 {[%emt 0:00:57]} 35. Nxc3 {[%emt 0:03:43]} bxc3 {[%emt 0:01:20]} 36. Bxc3 {[%emt 0:00:04]} Bxc3 {[%emt 0:00:18]} 37. Ne4 {[%emt 0:00:01]} Qa3 {[%emt 0:02:54]} 38. Nxc3 {[%emt 0:01:51]} Qc1+ {[%emt 0:00:25]} 39. Nd1 {[%emt 0:00:11]} Qc2 {[%emt 0:00:09]} 40. Rd8+ {[%emt 0:00:00]} Kg7 {[%emt 0:00:00]} 41. a4 {[%emt 0:00:00]} Qxb3 {[%emt 0:00:00]} 42. Rd4 {[%emt 0:00:00]} Qc2 {[%emt 0:00:00]} 43. g3 {[%emt 0:00:00]} h5 {[%emt 0:00:00]} 44. Kg2 {[%emt 0:00:00]} Qc6+ {[%emt 0:00:00]} 45. Kg1 {[%emt 0:00:00]} Qc2 {[%emt 0:00:00]} 46. Kg2 {[%emt 0:00:00]} Qc6+ {[%emt 0:00:00]} 47. Kg1 {[%emt 0:00:00]} Qc2 {[%emt 0:00:00]} 1/2-1/2